[Event "COL-ch (Women)"]
[Site "Quibdo"]
[Date "2015.11.11"]
[Round "4"]
[White "Rojas Castillo, Andrea Lizeth"]
[Black "Rivas Echavarria, Danna Melissa"]
[Result "1-0"]
[WhiteElo "1659"]
[BlackElo "1381"]
[PlyCount "71"]
[EventDate "2015.11.10"]
[EventType "swiss"]
[EventRounds "9"]
[EventCountry "COL"]
[SourceTitle "CBM 169 Extra"]
[Source "ChessBase"]
[SourceDate "2015.12.18"]
[SourceVersion "1"]
[SourceVersionDate "2015.12.18"]
[SourceQuality "1"]

1. d4 e6 2. Bf4 Be7 3. e3 Nf6 4. Nf3 Nc6 5. h3 h6 6. Bd3 0-0 7. c4 d6 8. 0-0 a6 9. Nc3 d5 10. Ne5 Nd7 11. cxd5 exd5 12. Nf3 Nb4 13. Be2 f6 14. a3 Nc6 15. Nxd5 Bd6 16. Bc4 Kh8 17. Bxd6 cxd6 18. Nf4 Qe8 19. Qc2 f5 20. Ne6 Rf6 21. Nc7 Qg6 22. Nxa8 b5 23. Bd3 Ne7 24. Rfe1 Nf8 25. e4 Bb7 26. Nb6 d5 27. e5 Rxb6 28. Qc7 Nc8 29. Rac1 Ne6 30. Qc2 Nf4 31. g3 Nxh3+ 32. Kf1 Qh5 33. Bxf5 Ng5 34. Qxc8+ Bxc8 35. Rxc8+ Qe8 36. Rxe8# 1-0

[Event "COL-ch (Women)"]
[Site "Quibdo"]
[Date "2015.11.10"]
[Round "1"]
[White "Rivas Echavarria, Danna Melissa"]
[Black "Salcedo, Jackeline"]
[Result "0-1"]
[WhiteElo "1381"]
[BlackElo "1983"]
[PlyCount "52"]
[EventDate "2015.11.10"]
[EventType "swiss"]
[EventRounds "9"]
[EventCountry "COL"]
[SourceTitle "CBM 169 Extra"]
[Source "ChessBase"]
[SourceDate "2015.12.18"]
[SourceVersion "1"]
[SourceVersionDate "2015.12.18"]
[SourceQuality "1"]

1. e4 e6 2. d3 d5 3. Nd2 c5 4. b3 Nc6 5. Ngf3 Nf6 6. Bb2 b6 7. Be2 Bb7 8. 0-0 Be7 9. d4 dxe4 10. Ne5 Nxd4 11. Bxd4 cxd4 12. Bb5+ Kf8 13. Bc6 Bxc6 14. Nxc6 Qd5 15. Nb4 Bxb4 16. Re1 g6 17. f3 e3 18. Rf1 Bxd2 19. Qe2 Kg7 20. c3 dxc3 21. Qxe3 Bxe3+ 22. Kh1 Rac8 23. Rfe1 c2 24. Rxe3 c1Q+ 25. Rxc1 Rxc1+ 26. Re1 Rxe1# 0-1

[Event "Caribbean-ch (Women)"]
[Site "San Andres Islas"]
[Date "2015.05.07"]
[Round "5"]
[White "Dominguez, Daniela"]
[Black "Rivas Echavarria, Danna Melissa"]
[Result "0-1"]
[WhiteElo "1328"]
[BlackElo "1375"]
[PlyCount "42"]
[EventDate "2015.05.05"]
[EventType "swiss"]
[EventRounds "6"]
[EventCountry "COL"]
[SourceTitle "CBM 166 Extra"]
[Source "ChessBase"]
[SourceDate "2015.06.18"]
[SourceVersion "1"]
[SourceVersionDate "2015.06.18"]
[SourceQuality "1"]

1. e4 e5 2. Nf3 d6 3. Bc4 Qe7 4. Nc3 g6 5. h3 Bg7 6. Nd5 Qd7 7. Qe2 Nf6 8. d4 0-0 9. dxe5 dxe5 10. Nxe5 Qe6 11. Nxc7 Qxe5 12. Nxa8 Qxe4 13. Be3 Qxg2 14. 0-0-0 Nfd7 15. Bxa7 Qg5+ 16. Be3 Qa5 17. a3 Qxa8 18. Bb5 Qa5 19. b4 Qxa3+ 20. Kd2 Qxb4+ 21. Kd3 Ne5# 0-1

[Event "Mosquera op (Women)"]
[Site "Mosquera"]
[Date "2014.11.03"]
[Round "8"]
[White "Duran, Maria Camila"]
[Black "Rivas Echavarria, Danna Melissa"]
[Result "1-0"]
[WhiteElo "1557"]
[BlackElo "1442"]
[PlyCount "67"]
[EventDate "2014.10.30"]
[EventType "swiss"]
[EventRounds "9"]
[EventCountry "COL"]
[SourceTitle "EXT 2015"]
[Source "ChessBase"]
[SourceDate "2014.11.20"]
[SourceVersion "1"]
[SourceVersionDate "2014.11.20"]
[SourceQuality "1"]

1. e4 e5 2. Nf3 Nc6 3. Bc4 Qe7 4. d3 h6 5. Nc3 d6 6. Nd5 Qd7 7. c3 Nge7 8. 0-0 Qd8 9. b4 a6 10. a4 Bh3 11. gxh3 Qd7 12. Be3 0-0-0 13. b5 a5 14. bxc6 Nxc6 15. Rb1 Qxh3 16. Qb3 Qg4+ 17. Kh1 Qxf3+ 18. Kg1 Be7 19. Qxb7+ Kd7 20. Qxc7+ Ke6 21. Nxe7+ Kf6 22. Nd5+ Kg6 23. Rfd1 Rhe8 24. Qxc6 Kh7 25. Nb6 f5 26. Bd2 Qg4+ 27. Kf1 f4 28. d4 f3 29. Be3 Rf8 30. dxe5 Rf4 31. Bxf4 Qg2+ 32. Ke1 Qg1+ 33. Bf1 Rf8 34. Nd5 1-0

[Event "Mosquera op (Women)"]
[Site "Mosquera"]
[Date "2014.11.01"]
[Round "5"]
[White "Rivas Echavarria, Danna Melissa"]
[Black "Garzon, Rosshillary"]
[Result "0-1"]
[WhiteElo "1442"]
[BlackElo "1460"]
[PlyCount "62"]
[EventDate "2014.10.30"]
[EventType "swiss"]
[EventRounds "9"]
[EventCountry "COL"]
[SourceTitle "EXT 2015"]
[Source "ChessBase"]
[SourceDate "2014.11.20"]
[SourceVersion "1"]
[SourceVersionDate "2014.11.20"]
[SourceQuality "1"]

1. e4 e5 2. Nc3 Nc6 3. d3 Bb4 4. a3 Ba5 5. Bd2 Nf6 6. Nf3 d6 7. Be2 Nd4 8. Nxd4 exd4 9. Nb5 Bb6 10. 0-0 c6 11. a4 cxb5 12. axb5 0-0 13. Bf4 Bd7 14. Bxd6 Re8 15. e5 Nd5 16. c4 dxc3 17. bxc3 Nxc3 18. Qd2 Bd4 19. Bb4 Nxe2+ 20. Qxe2 Bxa1 21. Rxa1 Bxb5 22. Qg4 Rxe5 23. Bc3 Rg5 24. Qf4 Qd5 25. f3 Qf5 26. Qxf5 Rxf5 27. d4 a6 28. Rd1 Rc8 29. g4 Rxf3 30. Bb2 Rc2 31. Ba1 Rff2 0-1

[Event "Mosquera op (Women)"]
[Site "Mosquera"]
[Date "2014.10.31"]
[Round "3"]
[White "Rivas Echavarria, Danna Melissa"]
[Black "Pena Nieto, Ana Marcela"]
[Result "0-1"]
[WhiteElo "1442"]
[BlackElo "1874"]
[PlyCount "32"]
[EventDate "2014.10.30"]
[EventType "swiss"]
[EventRounds "9"]
[EventCountry "COL"]
[SourceTitle "EXT 2015"]
[Source "ChessBase"]
[SourceDate "2014.11.20"]
[SourceVersion "1"]
[SourceVersionDate "2014.11.20"]
[SourceQuality "1"]

1. e4 e6 2. d4 d5 3. Bd3 dxe4 4. Bxe4 Nf6 5. Qe2 Qxd4 6. c3 Qxe4 7. f3 Qxe2+ 8. Nxe2 Bc5 9. b4 Bd6 10. Bf4 0-0 11. 0-0 Bd7 12. Nd2 Nd5 13. Bg3 a6 14. Nc4 Bxg3 15. Nxg3 Bb5 16. Rfc1 Bxc4 0-1

[Event "Bogota IRT Categoria B U17 Girls"]
[Site "Bogota"]
[Date "2013.10.24"]
[Round "5.6"]
[White "Rivas Echavarria, Danna Melissa"]
[Black "Cespedes Galindo, Estefania"]
[Result "0-1"]
[WhiteElo "1520"]
[BlackElo "1743"]
[PlyCount "42"]
[EventDate "2013.10.22"]
[EventType "swiss"]
[EventRounds "5"]
[EventCountry "COL"]
[SourceTitle "EXT 2024"]
[Source "ChessBase"]
[SourceDate "2023.10.10"]
[SourceVersion "1"]
[SourceVersionDate "2023.10.10"]
[SourceQuality "1"]

1. e4 c5 2. Nc3 e6 3. Nf3 a6 4. d3 d5 5. exd5 exd5 6. Qe2+ Be7 7. Be3 d4 8. Ne4 dxe3 9. fxe3 Nf6 10. Nc3 Nc6 11. d4 cxd4 12. exd4 0-0 13. Rd1 Re8 14. d5 Bb4 15. a3 Bxc3+ 16. bxc3 Rxe2+ 17. Bxe2 Nxd5 18. 0-0 Qb6+ 19. Rf2 Nxc3 20. Rd2 Ne4 21. Kf1 Qxf2# 0-1